000 00766nam a2200289 a 4500
001 39558
003 AR-BaAGN
005 20240607103711.0
007 ta
008 220625s2006 ag |||||r|||| ||||||spa d
020 _a978-987-1245-11-6
040 _dAR-BaAGN
_aAR-BaAGN
_bspa
_eaacr
100 1 _aRimoldi, Marcelo Juan
245 1 0 _aGuia del investigador
250 _a1ª ed.
260 _aLa Plata :
_bInstituto cultural de la Provincia de Buenos Aires,
_c2006.
300 _a82 páginas
336 _2rdacontent
_btxt
337 _2rdamedia
_bn
338 _2rdacarrier
_bnc
650 4 _aHISTORIA ARGENTINA
_92450
650 4 _aARCHIVOLOGÍA
_92058
651 4 _aArgentina
_93645
700 1 _aPanella, Claudio
942 _cLIBRO
999 _c39558
_d39558